Statystyki dla Wszystkie państwa Australii i oceanii

Kliknij tutaj aby rozwiązać quiz!

Ogólne statystyki

  • Ten quiz został rozwiązany 264 razy
    (252 od ostatniego zresetowania)
  • Średni wynik to 11 z 14

Statystyki odpowiedzi

Państwo% Poprawnych
Australia
99%
Nowa Zelandia
97%
Papua-Nowa Gwinea
87%
Wyspy Salomona
86%
Wyspy Marshalla
85%
Mikronezja
83%
Fidżi
79%
Vanuatu
76%
Tuvalu
75%
Kiribati
74%
Palau
72%
Nauru
70%
Tonga
69%
Samoa
68%

Rozkład punktacji

Percentyl według liczby udzielonych odpowiedzi

Procent ludzi z każdym wynikiem

Twoja historia wyników

Nie rozwiązałeś tego quizu od ostatniego zresetowania